| 000 | 01351pam a2200337 a 4500 | ||
|---|---|---|---|
| 001 | 2085823 | ||
| 003 | NUST-PNEC | ||
| 005 | 20170116180715.0 | ||
| 008 | 950110s1995 paua b 001 0 eng | ||
| 010 | _a 95003199 | ||
| 020 | _a1560915897 | ||
| 040 | _cPNEC | ||
| 050 | 0 | 0 |
_aTP343 _b.O89 1995 |
| 082 | 0 | 0 |
_a629.2538 OWE _220 |
| 100 | 1 |
_aOwen, K. _q(Keith) |
|
| 245 | 1 | 0 |
_aAutomotive fuels reference book / _cKeith Owen and Trevor Coley ; with a chapter contributed by Christopher S. Weaver. |
| 250 | _a2nd ed. | ||
| 260 |
_aWarrendale, PA : _bSociety of Automotive Engineers, _cc1995. |
||
| 300 |
_axii, 963 p. : _bill. ; _c24 cm. |
||
| 500 | _aIncludes Index http://www.amazon.com/Automotive-Fuels-Reference-Book-Keith/dp/1560915897/ref=sr_1_1?s=books&ie=UTF8&qid=1413616176&sr=1-1&keywords=1560915897 | ||
| 500 | _aRev. ed. of: Automotive fuels handbook. c1990. | ||
| 504 | _aIncludes bibliographical references and index. | ||
| 650 | 0 |
_aMotor fuels. _xME |
|
| 700 | 1 |
_aColey, Trevor, _d1925- |
|
| 700 | 1 | _aWeaver, Christopher S. | |
| 700 | 1 |
_aOwen, K. _q(Keith). _tAutomotive fuels handbook. |
|
| 906 |
_a7 _bcbc _corignew _d1 _eocip _f19 _gy-gencatlg |
||
| 942 |
_2ddc _cBK |
||
| 999 |
_c61139 _d61139 |
||